Fair-isle jumper mystery : the exciting story of a holiday party in Wales /

Saved in:
Bibliographic Details
Main Author: James, Hallam
Format: Book
Language:English
Published: London : Francis James, 1944.
LEADER 00769nam a2200205 a 4500
001 c000076863
003 CARM
005 00000000000000.0
008 840907s1944 enk 00011 eng d
019 1 |a 3278437  |5 LACONCORD2021 
035 |a (OCoLC)54012587  |5 LACONCORD2021 
040 |a AAWM  |c AAWM 
082 1 |a 823.912  |2 19 
100 1 |a James, Hallam. 
245 1 0 |a Fair-isle jumper mystery :  |b the exciting story of a holiday party in Wales /  |c by Hallam James. 
260 |a London :  |b Francis James,  |c 1944. 
300 |a 165 p. ;  |c 20 cm. 
852 8 |b CARM  |h A2:AG35G0  |i A01513  |p 0128523  |f BK 
999 f f |i 67397947-1c0e-5122-a3bd-3e0c0009f15f  |s db17ee94-6011-5117-ba86-5a37bc9c31c4 
952 f f |p Can circulate  |a CAVAL  |b CAVAL  |c CAVAL  |d CARM 1 Store  |e A01513  |f A2:AG35G0  |h Other scheme  |i book  |m 0128523